Moderní modely bankovních krizí

Matematické modely a vzájomné vzťahy medzi maximalizáciou očakávaného zisku a rizikom smerujúcim k bankovým krízam. Základné predpoklady modelov. Centrálna banka ako veriteľ poslednej inštancie.

Gespeichert in:
Bibliographische Detailangaben
1. Verfasser: Málek, Jiří
Format: Buchkapitel
Sprache:Tschechisch
Schlagworte:
Tags: Tag hinzufügen
Keine Tags, Fügen Sie das erste Tag hinzu!

MARC

LEADER 00000naa$a2200000$$$4500
001 0001646
005 20231003120035.4
041 0 |a cze 
044 |a CZ 
245 1 0 |a Moderní modely bankovních krizí  |c aut. Jiří Málek 
520 |a Matematické modely a vzájomné vzťahy medzi maximalizáciou očakávaného zisku a rizikom smerujúcim k bankovým krízam. Základné predpoklady modelov. Centrálna banka ako veriteľ poslednej inštancie. 
610 2 0 |a bankovníctvo 
610 2 0 |a kríza banková 
610 2 0 |a modely ekonomicko-matematické 
610 2 0 |a efektívnosť ekonomická 
610 2 0 |a banky centrálne 
100 1 |a Málek, Jiří